Normal view
MARC view
- LESLEY,ALAN STRONG
Entry Personal Name
001 - CONTROL NUMBER
- control field: 89134
003 - CONTROL NUMBER IDENTIFIER
- control field: NUST
005 - DATE AND TIME OF LATEST TRANSACTION
- control field: 20220217130315.0
008 - FIXED-LENGTH DATA ELEMENTS
- fixed length control field: 220217|| aca||aabn | a|a d
040 ## - CATALOGING SOURCE
- Original cataloging agency: NUST
- Transcribing agency: NUST
100 ## - HEADING--PERSONAL NAME
- Personal name: LESLEY,ALAN STRONG
670 ## - SOURCE DATA FOUND
- Source citation: Work cat.: (NUST): LESLEY,ALAN STRONG., SUSTAINABLE DEVELOPMENT POLICY DIRECTORY /, 2006
